000 00459nam a2200145 4500
999 _c5092
_d5092
008 201124b ||||| |||| 00| 0 eng d
020 _a0408031212
082 0 0 _a681.2
_bJ762
245 1 0 _aJone's instrument technology (V.2): measurement of temperature and chemical... /
_cedited by B. E. Noltingk
260 _aButterworths:
_bELBS,
_c1986.
300 _a186 p.
650 0 _aMeasuring Instruments
700 _94058
_aNoltingk, B. E
_eeditor
942 _2ddc
_cBK